Statistics for Top 20 Most Dowloaded Apps of 2018

Click here to take the quiz!

General Stats

  • This quiz has been taken 32 times
  • The average score is 9 of 20

Answer Stats

App% Correct
5Facebook
97%
2Instagram
97%
3Snapchat
90%
1YouTube
83%
20Twitter
80%
13WhatsApp Messenger
77%
10Spotify Music
57%
11Amazon
50%
4Messenger
50%
9Gmail
43%
16TikTok
43%
8Google Maps
40%
19Google Chrome
37%
7Netflix
33%
12Uber
23%
18Google Photos
13%
6Bitmoji
10%
14Pandora
10%
15Wish
7%
17Cash App
3%

Score Distribution

Percentile by Number Answered

Percent of People with Each Score

Your Score History

You have not taken this quiz